[Event "IRI-ch U12"]
[Site "Chess.com INT"]
[Date "2021.01.16"]
[Round "8"]
[White "Jalalvand, Amir Hesam"]
[Black "Fatehi, Amir Masoud"]
[Result "1-0"]
[WhiteElo "1685"]
[BlackElo "1206"]
[PlyCount "41"]
[EventDate "2021.01.16"]
[EventType "swiss"]
[EventRounds "11"]
[EventCountry "IRI"]
[SourceTitle "EXT 2022"]
[Source "ChessBase"]
[SourceDate "2021.10.06"]
[SourceVersion "1"]
[SourceVersionDate "2021.10.06"]
[SourceQuality "1"]

1. d4 d5 2. c4 e6 3. cxd5 exd5 4. Nc3 Nf6 5. Bg5 Nbd7 6. e3 c6 7. Bd3 Bb4 8. Nge2 0-0 9. Qc2 Qc7 10. 0-0 Re8 11. Rae1 h6 12. Bf4 Qd8 13. Bg3 Nh5 14. Nf4 Nxf4 15. Bxf4 Nf6 16. Be5 Ng4 17. Bg3 Bd6 18. e4 Bxg3 19. hxg3 Qg5 20. exd5 Qh5 21. Rxe8# 1-0

[Event "IRI-ch U12"]
[Site "Chess.com INT"]
[Date "2021.01.16"]
[Round "6"]
[White "Jalalvand, Amir Hesam"]
[Black "Mohammad Bidaghi, Ali"]
[Result "1-0"]
[WhiteElo "1685"]
[BlackElo "1221"]
[PlyCount "73"]
[EventDate "2021.01.16"]
[EventType "swiss"]
[EventRounds "11"]
[EventCountry "IRI"]
[SourceTitle "EXT 2022"]
[Source "ChessBase"]
[SourceDate "2021.10.06"]
[SourceVersion "1"]
[SourceVersionDate "2021.10.06"]
[SourceQuality "1"]

1. d4 d5 2. c4 c6 3. Nc3 Nf6 4. Bg5 e6 5. cxd5 exd5 6. Qc2 Be7 7. e3 0-0 8. Bd3 Nbd7 9. Nge2 h6 10. Bh4 Bd6 11. 0-0 Bxh2+ 12. Kxh2 Ng4+ 13. Kg3 Qc7+ 14. Nf4 g5 15. Rh1 gxf4+ 16. exf4 f5 17. Bxf5 Ndf6 18. Bxc8 Raxc8 19. Qg6+ Kh8 20. Bxf6+ Rxf6 21. Rxh6+ Nxh6 22. Qxf6+ Kh7 23. Rh1 Rg8+ 24. Kf3 Rg6 25. Qe5 Qd7 26. g3 Re6 27. Qg5 Rg6 28. Qh4 Qf5 29. Re1 Qd3+ 30. Kg2 Qxd4 31. f5 Rg4 32. Re7+ Kg8 33. Qxh6 Rg7 34. Qe6+ Kh8 35. Qh6+ Kg8 36. Re8+ Kf7 37. Qe6# 1-0

[Event "Wch U08 blitz"]
[Site "Minsk"]
[Date "2018.06.24"]
[Round "3"]
[White "Jalalvand, Amir Hesam"]
[Black "Zverev, Lev"]
[Result "0-1"]
[WhiteElo "1341"]
[BlackElo "1715"]
[PlyCount "90"]
[EventDate "2018.06.24"]
[EventType "swiss (blitz)"]
[EventRounds "9"]
[EventCountry "BLR"]
[SourceTitle "EXT 2019"]
[Source "ChessBase"]
[SourceDate "2018.10.10"]
[SourceVersion "1"]
[SourceVersionDate "2018.10.10"]
[SourceQuality "1"]

1. d4 d5 2. c4 e6 3. cxd5 exd5 4. Nc3 Nf6 5. Qc2 Bd6 6. Bg5 Be6 7. Nf3 c6 8. e3 0-0 9. Bd3 h6 10. Bh4 Nbd7 11. 0-0 Rc8 12. Rab1 c5 13. Rfd1 c4 14. Bf5 a6 15. Bxe6 fxe6 16. e4 Be7 17. exd5 Nxd5 18. Nxd5 exd5 19. Bg3 Rc6 20. Re1 Bd6 21. Ne5 Bxe5 22. dxe5 Nc5 23. Rbd1 Ne6 24. Qd2 d4 25. f3 Qc8 26. Qc2 d3 27. Qc3 Rd8 28. f4 Nd4 29. Bf2 Ne2+ 30. Rxe2 dxe2 31. Re1 Rd3 32. Qc2 Qg4 33. Qxe2 Qf5 34. e6 Kf8 35. e7+ Ke8 36. Bg3 Rdd6 37. Qf2 Re6 38. Rd1 Kxe7 39. Bh4+ Kf7 40. Rd7+ Kg8 41. Rd8+ Kh7 42. g3 Rcd6 43. Rb8 Rd1+ 44. Kg2 Qd3 45. Rxb7 Re2 0-1

[Event "Wch U08 rapid"]
[Site "Minsk"]
[Date "2018.06.23"]
[Round "6"]
[White "Jalalvand, Amir Hesam"]
[Black "Begmuratov, Khumoyun"]
[Result "0-1"]
[WhiteElo "1297"]
[BlackElo "1652"]
[PlyCount "116"]
[EventDate "2018.06.22"]
[EventType "swiss (rapid)"]
[EventRounds "9"]
[EventCountry "BLR"]
[SourceTitle "EXT 2019"]
[Source "ChessBase"]
[SourceDate "2018.10.10"]
[SourceVersion "1"]
[SourceVersionDate "2018.10.10"]
[SourceQuality "1"]

1. d4 Nf6 2. c4 g6 3. Nc3 Bg7 4. e4 d6 5. Bg5 Nbd7 6. Qd2 0-0 7. Nf3 c6 8. Be2 Qc7 9. 0-0 e5 10. d5 Nc5 11. Bxf6 Bxf6 12. b4 Nd7 13. Rac1 c5 14. Nb5 Qb8 15. Rfd1 a6 16. Na3 Qc7 17. b5 a5 18. Qe3 b6 19. Nc2 Bg7 20. g3 Re8 21. Nce1 Nf8 22. Ng2 f5 23. Nfh4 fxe4 24. Qxe4 Qf7 25. Ne3 Nd7 26. Ng4 Nf6 27. Nxf6+ Qxf6 28. Rf1 g5 29. Ng2 Bf5 30. Qe3 Re7 31. g4 Bg6 32. f3 Rf8 33. Bd3 Ref7 34. Be4 Bxe4 35. Qxe4 Qg6 36. Qe2 e4 37. fxe4 Bd4+ 38. Kh1 Qxe4 39. Rxf7 Qxe2 40. Rxf8+ Kxf8 41. Re1 Qxc4 42. h3 Qxd5 43. Rf1+ Kg7 44. Rf5 Qxa2 45. Rxg5+ Kh8 46. Rf5 Qa1+ 47. Kh2 Qg1+ 48. Kg3 Be5+ 49. Kf3 Qf1+ 50. Ke4 Qxg2+ 51. Kd3 Qxh3+ 52. Kc2 Qxg4 53. Rf8+ Kg7 54. Rf2 Qc4+ 55. Kd2 Bc3+ 56. Kd1 Qd3+ 57. Kc1 Qe3+ 58. Kb1 Qxf2 0-1

[Event "Wch U08 rapid"]
[Site "Minsk"]
[Date "2018.06.23"]
[Round "8"]
[White "Usov, Aleksandr E"]
[Black "Jalalvand, Amir Hesam"]
[Result "1-0"]
[WhiteElo "1634"]
[BlackElo "1297"]
[PlyCount "161"]
[EventDate "2018.06.22"]
[EventType "swiss (rapid)"]
[EventRounds "9"]
[EventCountry "BLR"]
[SourceTitle "EXT 2019"]
[Source "ChessBase"]
[SourceDate "2018.10.10"]
[SourceVersion "1"]
[SourceVersionDate "2018.10.10"]
[SourceQuality "1"]

1. d4 d5 2. c4 e6 3. Nc3 Nf6 4. Bg5 Nbd7 5. e3 c6 6. Nf3 Qa5 7. Bxf6 Nxf6 8. cxd5 Nxd5 9. Qb3 Bb4 10. Rc1 0-0 11. Bd3 Bd7 12. 0-0 Rfc8 13. Ne5 Be8 14. a3 Bf8 15. Nxd5 exd5 16. Qxb7 Rcb8 17. Qa6 Qxa6 18. Bxa6 Rxb2 19. Nxc6 Rb6 20. Bc8 Bxc6 21. Rxc6 Rxc6 22. Bb7 Rac8 23. Bxc8 Rxc8 24. g3 Rc3 25. a4 Ra3 26. Rb1 Rxa4 27. Rb5 a5 28. Rxd5 Ra1+ 29. Kg2 a4 30. Ra5 a3 31. d5 Rd1 32. e4 Rd2 33. Ra8 g6 34. h4 Kg7 35. Ra5 Bb4 36. Ra4 Bc5 37. Kh3 a2 38. d6 Bd4 39. d7 Bf6 40. e5 Bxe5 41. Rxa2 Rxd7 42. Ra5 Bf6 43. h5 Rd2 44. hxg6 hxg6 45. f4 Rd3 46. Kg2 Bd4 47. Rd5 Kf6 48. Rd6+ Ke7 49. Ra6 Rd2+ 50. Kh3 Bf2 51. Ra3 Be1 52. Re3+ Kf6 53. Rxe1 Kf5 54. Ra1 Ke4 55. Ra7 f5 56. Ra6 Rd1 57. Rxg6 Kf3 58. Kh4 Rg1 59. Ra6 Ke4 60. Ra4+ Kf3 61. Kg5 Kxg3 62. Ra3+ Kf2+ 63. Kxf5 Rg7 64. Kf6 Rb7 65. f5 Rb6+ 66. Kg7 Rb7+ 67. Kg6 Rb8 68. f6 Rb6 69. Kg7 Rb8 70. f7 Rb7 71. Kg8 Rb8+ 72. f8Q+ Rxf8+ 73. Kxf8 Kg2 74. Ke7 Kh1 75. Ke6 Kg2 76. Ke5 Kh1 77. Kf4 Kg2 78. Ke3 Kh1 79. Kf2 Kh2 80. Rg3 Kh1 81. Rh3# 1-0